| 000 | 00603cam a2200217ua 4500 | ||
|---|---|---|---|
| 020 |
_a9812-53-039-8 _c$7.25 |
||
| 041 |
_aeng _h |
||
| 082 |
_a658.562 _bWAD/MO |
||
| 100 | _aWadsworth, Harrison M . | ||
| 245 |
_aModern methods for quality control and improvement / _cHarrison M Wadsworth. _hTextual Documents |
||
| 250 |
_a2 / _b. |
||
| 260 |
_aSingapore : _bJohn Wiley & Sons , _c2004. |
||
| 300 | _a683 ; . | ||
| 365 | _a$7.25 | ||
| 500 | _a** Reference | ||
| 504 | _a | ||
| 700 | 1 | _aGodfrey, A Blanton . | |
| 700 | 1 | _aStephens, Kenneth S . | |
| 942 | _cBK | ||
| 999 |
_c11289 _d11289 |
||